| 000 | 01141cam a2200289 4500 | ||
|---|---|---|---|
| 001 | M93843 | ||
| 008 | 090401t1996 xxu||||| |||| 00| 0 eng d | ||
| 035 | _a(Sirsi) u88438 | ||
| 041 | _aeng | ||
| 050 | _a624.08 | ||
| 110 |
_aFederation Internationale des Ingenieurs-Conseils _9764 |
||
| 245 | _aSupplement to fourth edition 1987 of conditions of contract for works of civil engineering construction ... Section A - Dispute Adjudication Board : section B - payment on a lump sum basis : section C - late certification. | ||
| 260 |
_aLausanne, Switzerland _bFIDIC _c1996 |
||
| 300 | _a20,13,1p. ; 30cm. | ||
| 350 | _a9 | ||
| 650 | _aCIVIL ENGINEERING CONTRACTS | ||
| 650 | _aFIDIC CONDITIONS OF CONTRACT FOR WORKS OF CIVIL ENGINEERING CONSTRUCTION FOURTH EDITION | ||
| 650 | _aDISPUTE ADJUDICATION BOARD | ||
| 650 | _aFEDERATION INTERNATIONALE DES INGENIEURS-CONSEILS | ||
| 650 | _aFIDIC CONDITIONS OF CONTRACT | ||
| 650 | _aLATE CERTIFICATION | ||
| 650 | _aLUMP SUM CONTRACTS | ||
| 650 | _aRICS APPRAISAL AND VALUATION MANUAL | ||
| 690 | _aBUILT ENVIRONMENT-BUILDING CONTRACT FORMS | ||
| 942 | _n0 | ||
| 948 | _c11/09/1998 | ||
| 999 |
_c97349 _d97349 |
||